00347nam a2200121Ia 4500008004000000020001800040082001700058100001600075245007400091260003700165300000800202650001500210210210b1994 xxu||||| |||| 00| 0 eng d a81 7033 256 1 a327.054 JAIN aJAIN (B M). aNuclear politics in South Asia: in search of an alternative paradigm. aJaipurbRawat Publicationsc1994 a199 aSouth Asia